000 00358 a2200133 4500
999 _c326523
_d326523
001 91450
003 NUST
082 _a181.07 ZAF
100 _aZafar Anjum
_99926
245 _aIqbal ; The life of a Poet, Philosopher and Politician
_hEnglish
260 _aIndia
_bRandom House India
_c2014
300 _axxxiv, 274p.
500 _aGeneral Books
942 _aCAE NUST
_cBK
_k181.07 ZAF
_2ddc